000 00591nam a2200133Ia 4500
008 160809s9999 xx 000 0 und d
100 _aHill, Doris Adams.
245 _aTHE COMPARISON OF SPECIAL EDUCATION BETWEEN THAILAND AND THE UNITED STATES: INCLUSION AND SUPPORT FOR CHILDREN WITH AUTISM SPECTRUM DISORDER
245 _cDoris Adams Hill Auburn University Sasipin Sukbunpant Chiangmai Rajabhat University.
260 _bInternational Journal of Special Education
260 _c2013
650 _xSPECIAL EDUCATION
856 _uhttp://www.internationaljournalofspecialed.com/issues.php
999 _c300361
_d300361